00746nam a22002177a 4500003000400000005001700004008004100021040000700062100003100069245008600100260002800186300001900214500005500233504003200288650002100320650002700341650003200368650003300400650005400433700004100487OSt20180911085540.0180220b xxu||||| |||| 00| 0 spa d cPJ aCondorelli, Epifanio J. L.13aEl recurso de queja / cEpifanio J. Condorelli; prólogo de Augusto M. Morello.  aLa Plata :cLep,b1979. a176 p.c23 cm. aNotas y citas bibliográficas a pie de página.  aBibliografía: p. 173-176. 0aDERECHO PROCESAL 0aDERECHO CONSTITUCIONAL 0aRECURSO DE QUEJA (PROCESAL) 0aQUEJA POR RECURSO DENEGADO  0aQUEJA POR DENEGACIÓN DEL RECURSO EXTRAORDINARIO aMorello, Augusto Mario eprologuista